Представление документа в формате RUSMARC

ПолеНазваниеЗначение
  Тип записи a
  Библиографический уровень m
001 Контрольный номер c463ce6c2ef2470cad14c08278a00195
005 Дата корректировки 20260422144449.2
010 Индекс ISBN __
a ISBN 978-5-389-23607-3
9 Тираж 3000 экз.
b Уточнения в пер.
d Цена 753-18
100 Данные общей обработки __
a Данные общей обработки 20241111d2024 m y0rusy028902 ca
101 Язык документа 1_
a Язык текста rus
c Язык оригинала eng
102 Страна публикации __
a Страна публикации RU
105 Кодированные данные (монография) __
a Кодированные данные (монография) y z 000ay
181 Поле кодированных данных: вид содержания _0
a Код вида содержания (ISBD) i
182 Поле кодированных данных: тип средства _0
a Код типа средства (ISBD) n
200 Заглавие и сведения об ответственности 1_
a Заглавие Джек Ричер: Время свободы
e Сведения, относящиеся к заглавию роман
f Первые сведения об ответственности Ли Чайлд, Эндрю Чайлд
g Последующие сведения об ответственности перевод с английского Виктории Яковлевой
203 Вид содержания и тип средства __
a Вид содержания Текст
c Тип средства непосредственный
210 Выходные данные 1_
a Место издания Санкт-Петербург
c Издательство Азбука
c Издательство Азбука-Аттикус
d Дата издания 2024
215 Физическое описание __
a Объем 444, [1] с.
d Формат 22 см
225 Серия 1_
a Серия Звезды мирового детектива
320 Библиография __
a Библиография Другие книги автора: с. [2]
330 Аннотация __
a Аннотация Тихий, скучный городок в штате Колорадо всколыхнула трагедия: погибла женщина. По словам одного уважаемого свидетеля, она сама бросилась под колеса. Однако случайно оказавшийся на месте происшествия бывший военный полицейский Джек Ричер собственными глазами видел, как прохожий, с безучастным видом остановившийся рядом, вдруг толкнул жертву под автобус, затем схватил ее сумку и исчез. Ричер не может допустить, чтобы преступнику, каким бы ни был его мотив, сошло это с рук, и решает докопаться до правды. Он узнает, что женщина была сотрудницей частной тюрьмы в Миссисипи и приехала в Колорадо, чтобы сообщить своему бывшему начальнику некие тревожные сведения. Однако не успела - тот скончался, предположительно от сердечного приступа. Две смерти, одна за другой. И это только часть заговора, в котором замешаны очень влиятельные люди...
333 Примечание о целевом назначении __
a Примечание о целевом назначении 16+. Для детей старше 16 лет
454 Оригинал _1
1 2001
a No Plan B
1 700 0
a Child
b L.
g Lee
517 Другие варианты заглавия 1_
a Другие варианты заглавия Время свободы
606 Тематические рубрики __
2 Код системы nlr_sh
a Основная рубрика Художественная литература
606 Тематические рубрики __
2 Код системы nlr_sh
a Основная рубрика Литература Европы (произведения)
y Географическая подрубрика Великобритания
z Хронологическая подрубрика 21 в.
610 Ключевые слова 0_
a Ключевые слова зарубежная литература
610 Ключевые слова 0_
a Ключевые слова современная литература
610 Ключевые слова 0_
a Ключевые слова английская литература
610 Ключевые слова 0_
a Ключевые слова романы
610 Ключевые слова 0_
a Ключевые слова детективы
610 Ключевые слова 0_
a Ключевые слова английские детективы
610 Ключевые слова 0_
a Ключевые слова детективные романы
610 Ключевые слова 0_
a Ключевые слова боевики
610 Ключевые слова 0_
a Ключевые слова тема расследований
610 Ключевые слова 0_
a Ключевые слова расследования
610 Ключевые слова 0_
a Ключевые слова тема убийств
610 Ключевые слова 0_
a Ключевые слова убийства
686 Индексы других классификаций __
a Классификационный индекс 84(4Вел)6-445; ст84(4Вел)-445
2 Код системы rubbks
700 Автор _1
a Фамилия Чайлд
b Имя Л.
f Даты 1954-
g Полное личное имя Ли
4 Код отношения 070
701 Альтернативная интеллектуальная ответственность _1
a Фамилия Чайлд
b Имя Э.
f Даты 1968-
g Полное личное имя Эндрю
4 Код отношения 070
702 Вторичная интеллектуальная ответственность _1
a Фамилия Яковлева
b Имя В. Г.
g Полное личное имя Виктория Геннадьевна
4 Код отношения 730
801 Источник записи _0
a Страна RU
b Организация Муниципальное бюджетное учреждение культуры "Централизованная библиотечная система" г. Сургут (Центральная городская библиотека им. А. С. Пушкина)
c Дата составления 20241111
g Правила каталогизации PSBO
801 Источник записи _1
a Страна RU
b Организация Муниципальное бюджетное учреждение культуры "Централизованная библиотечная система" г. Сургут (Центральная городская библиотека им. А. С. Пушкина)
c Дата составления 20241111
g Правила каталогизации PSBO
852 Данные о местонахождении __
i Авторский знак Ч-15
j Шифр хранения 84(4Вел)6-445
900 Макрообъекты __
a Макрообъекты Джек Ричер. Время свободы. Чайлд, Л., 2024
901 Тип документа __
a Ответственный ООФиК/Волкова
t Тип документа m
903 Характеристики (МАРС) __
a Дата передачи 20241111
c Наименование библиотеки (МАРС) Муниципальное бюджетное учреждение культуры "Централизованная библиотечная система" г. Сургут (Центральная городская библиотека им. А. С. Пушкина)
990 Данные о заказе (DOS) __
j Количество экземпляров (DOS) 4
t N записи в КСУ для И/У (DOS) 202411
996 Контроль за деятельностью лиц, находящихся под иностранным влиянием __
b Текстовое указание Содержит информацию о наркотических или психотропных веществах, употребление которых опасно для здоровья. Их незаконный оборот влечет уголовную ответственность